Города по Фото — Н - Statistics

General Stats
  • This quiz has been taken 35 times
    33 since last reset
  • The average score is 7 of 20
Answer Stats
Picture Answer % Correct
Нью-Йорк
95%
Нижний Новгород
80%
Нью-Дели
60%
Неаполь
50%
Новороссийск
50%
Ницца
45%
Новосибирск
40%
Норильск
40%
Нюрнберг
35%
Нанкин
35%
Новый Орлеан
30%
Нагоя
25%
Нагасаки
25%
Нейпьидо
25%
Найроби
15%
Нарва
5%
Нуук
5%
Нассау
5%
Никко
0%
Назарет
0%
No matching quizzes found
Score Distribution
Percent of People with Each Score
Percentile by Number Answered
Your Score History
You have not taken this quiz since the last reset